000 00460nam a2200169 a 4500
001 0666
005 20140414131928.0
008 040915s19uu xx 00 eng d
020 _a0-563-40548-1
050 _aER
_bT22 1998
245 _aTeletubbies: be quiet po! /
_cillustrations by Lucy Su.
260 _aLondon :
_bBBC Worldwide,
_c1998.
300 _a1 v.p. : ill. ; cm.
650 _aNoise
_xfiction.
650 _aChildren stories.
999 _c112126
_d112126